Представление документа в формате MARC21

Поле Инд. ПП Название Значение
Тип записи a
Библиографический уровень m
001 Контрольный номер 0e3d2cc30ec748959bf8c5da44b14018
005 Дата корректировки 20250303155146.5
020 a ISBN 978-5-7609-1970-0
040 a Служба первич. каталог. НБ ТвГУ
b Код языка каталог. rus
e Правила каталог. PSBO
041 0_ a Код языка текста rus
080 a Индекс УДК 330.59:332.1(470)
080 a Индекс УДК 311(470)
084 a Индекс другой классификации/Индекс ББК У9(2Рос)-94
084 a Индекс другой классификации/Индекс ББК У051
090 x Авторский знак М 67
a Полочн. индекс У9(2Рос)
097 b Оператор Polyakova.IM
100 1_ a Автор Митрошин Игорь Васильевич
e Роль лиц Автор
245 10 a Заглавие Уровень жизни населения и степень развития человеческого потенциала в регионах Центрального федерального округа
b Продолж. заглавия монография
c Ответственность И. В. Митрошин ; Российский государственный социальный университет, филиал в городе Павловский Посад
260 c Дата издания 2024
a Место издания Тверь
b Издательство Тверской государственный университет
300 a Объем 129, [1] с.
b Иллюстрации/ тип воспроизводства ил., табл.
504 a Библиография Библиогр.: с. 121-129
520 0_ a Аннотация Проведен анализ различных показателей уровня жизни и социально-экономического положения граждан в восемнадцати регионах Центрального федерального округа Российской Федерации за период с 2000-2021 гг.
653 0_ a Ключевые слова Экономика России
a Ключевые слова Региональная экономика
a Ключевые слова Центральный федеральный округ
a Ключевые слова Социально-экономическое положение населения
a Ключевые слова Уровень жизни населения
a Ключевые слова Качество жизни населения
a Ключевые слова Показатели уровня жизни
a Ключевые слова Валовой региональный продукт на душу населения
a Ключевые слова Уровень доходов
a Ключевые слова Степень развития человеческого потенциала
a Ключевые слова Уровень безработицы
a Ключевые слова Уровень преступности
a Ключевые слова Доступность медицины
a Ключевые слова Уровень образования
901 t Тип документа m
920 a Оператор Поля
a Оператор Петр
930 a Новая/Ретро новая
952 c Вид литературы К рн
954 b Дата поступления в ОК 20250113
a Дата поступления на обработку 20250115
c Дата окончания ОНО 20250115